| 000 | 00324nam a22001217a 4500 | ||
|---|---|---|---|
| 999 |
_c4821 _d4821 |
||
| 008 | 250324b ||||| |||| 00| 0 eng d | ||
| 020 | _a9781408308035 | ||
| 082 | _aFIC LAW | ||
| 100 |
_aLAWRENCE,MICHAEL _eAUTHOR |
||
| 245 | _aJIGGY'S MAGIC BALL | ||
| 260 |
_a338 EUSTON ROAD,LONDON NW1 3BH _bORCHARD BOOKS _c2010 |
||
| 942 | _2ddc | ||